<?xml version="1.0" encoding="UTF-8"?>
<record
    xmlns:xsi="http://www.w3.org/2001/XMLSchema-instance"
    xsi:schemaLocation="http://www.loc.gov/MARC21/slim http://www.loc.gov/standards/marcxml/schema/MARC21slim.xsd"
    xmlns="http://www.loc.gov/MARC21/slim">

  <leader>01735    a2200241   4500</leader>
  <controlfield tag="001">41104</controlfield>
  <controlfield tag="005">20260407155704.0</controlfield>
  <controlfield tag="008">260407a2008    arg                 spa d</controlfield>
  <controlfield tag="003">AR-UNSa-BCEJYS</controlfield>
  <datafield tag="040" ind1=" " ind2=" ">
    <subfield code="a">AR-UNSa-BCEJYS</subfield>
    <subfield code="b">spa</subfield>
    <subfield code="c">AR-UNSa-BCEJYS</subfield>
  </datafield>
  <datafield tag="080" ind1=" " ind2=" ">
    <subfield code="a">347.238.3</subfield>
    <subfield code="x">Otras clases de copropiedad; p.e., propiedad horizontal</subfield>
  </datafield>
  <datafield tag="245" ind1="1" ind2="0">
    <subfield code="a">Expensas</subfield>
  </datafield>
  <datafield tag="020" ind1=" " ind2=" ">
    <subfield code="a">978-950-894-721-5</subfield>
  </datafield>
  <datafield tag="264" ind1=" " ind2="1">
    <subfield code="a">Buenos Aires :</subfield>
    <subfield code="b">AD-HOC</subfield>
    <subfield code="c">2008</subfield>
  </datafield>
  <datafield tag="300" ind1=" " ind2=" ">
    <subfield code="a">203 p.</subfield>
    <subfield code="c">23 cm.</subfield>
  </datafield>
  <datafield tag="505" ind1=" " ind2=" ">
    <subfield code="a">1. El privilegio del cr&#xE9;dito de expensas / Christian R. Pettis &#x2013; 2. Supuestos no alcanzados por la doctrina plenaria &#x201C;Servicios Eficientes&#x201D; / Federico J. Causse &#x2013; 3. El fuero de atracci&#xF3;n y la deuda por expensas (antes es pagar que heredar) / Santiago Berisso &#x2013; 4. Exenci&#xF3;n del propietario vencedor en el prorrateo de las expensas derivadas de su condici&#xF3;n de vencedor en el juicio contra el consorcio (indemnizaci&#xF3;n y costas) / Santiago Villagr&#xE1;n &#x2013; 5. Los intereses en el cr&#xE9;dito por expensas comunes / Natalia Badaroux &#x2013; 6. Exenci&#xF3;n del pago de las expensas y el reglamento de copropiedad y administraci&#xF3;n / C. Mart&#xED;n Debrabandere &#x2013; 7. El pago de las expensas efectuado por un tercero / Alejandro L. Iriarte &#x2013; 8. Garant&#xED;a de evicci&#xF3;n y deuda por expensas / Rodrigo Vila &#x2013; 9. La excepci&#xF3;n de pago en la ejecuci&#xF3;n de expensas. Problem&#xE1;tica del pago mediante dep&#xF3;sito bancario / Fabi&#xE1;n A. Castro &#x2013; 10. Enlace jurisprudencial / Nicol&#xE1;s Raichi y Federico Causse - </subfield>
  </datafield>
  <datafield tag="041" ind1=" " ind2=" ">
    <subfield code="a">spa</subfield>
  </datafield>
  <datafield tag="942" ind1=" " ind2=" ">
    <subfield code="c">BK</subfield>
  </datafield>
  <datafield tag="590" ind1=" " ind2=" ">
    <subfield code="a">niveau_biblio:m niveau_hierar:0</subfield>
  </datafield>
  <datafield tag="100" ind1="1" ind2=" ">
    <subfield code="a">Pettis, Christian R.</subfield>
  </datafield>
  <datafield tag="700" ind1="1" ind2=" ">
    <subfield code="a">Causse, Federico J.</subfield>
  </datafield>
  <datafield tag="856" ind1="4" ind2="1">
    <subfield code="u">https://biblioeco.unsa.edu.ar/pmb/images/libros/L126371.jpg</subfield>
    <subfield code="y">Imagen de portada</subfield>
    <subfield code="q">image/jpeg</subfield>
  </datafield>
  <datafield tag="999" ind1=" " ind2=" ">
    <subfield code="c">3372</subfield>
    <subfield code="d">3372</subfield>
  </datafield>
  <datafield tag="952" ind1=" " ind2=" ">
    <subfield code="0">0</subfield>
    <subfield code="1">0</subfield>
    <subfield code="4">0</subfield>
    <subfield code="7">0</subfield>
    <subfield code="a">BCEJYS</subfield>
    <subfield code="b">BCEJYS</subfield>
    <subfield code="c">16</subfield>
    <subfield code="d">2026-04-07</subfield>
    <subfield code="l">0</subfield>
    <subfield code="o">347.238.3 C374</subfield>
    <subfield code="p">L126371</subfield>
    <subfield code="r">2026-04-07 15:57:04</subfield>
    <subfield code="w">2026-04-07</subfield>
    <subfield code="y">L</subfield>
  </datafield>
</record>
